[Event "FRA Team Ch"]
[Site "Bordeaux"]
[Date "2001.03.29"]
[Round "2.7"]
[White "Touzane, Olivier"]
[Black "Nicoara, Malina"]
[Result "1-0"]
[WhiteElo "2388"]
[BlackElo "2258"]
[Annotator "Montpellier-Auxerre"]
[PlyCount "77"]
[EventDate "2001.??.??"]

1. d4 Nf6 2. c4 d6 3. Nc3 e5 4. Nf3 Nbd7 5. e4 c6 6. Be2 Be7 7. O-O O-O 8. Re1
a6 9. d5 Nc5 10. Nd2 a5 11. b3 Ne8 12. Ba3 g6 13. Nf3 Qb6 14. Qd2 Bg4 15. Bxc5
Qxc5 16. Nxe5 dxe5 17. Bxg4 f5 18. exf5 gxf5 19. Bh3 e4 20. Rad1 Ng7 21. Na4
Qa3 22. Qc2 Rad8 23. dxc6 bxc6 24. g4 fxg4 25. Bxg4 Rxd1 26. Rxd1 Bh4 27. Rf1
Qe7 28. Qe2 Qg5 29. Kh1 Rf4 30. Bh3 Qf6 31. Nc5 Qd4 32. Qe3 Qxe3 33. fxe3 Rxf1+
34. Bxf1 Bf2 35. Nb7 a4 36. bxa4 Bxe3 37. Bg2 Ba7 38. Bxe4 c5 39. Nd8 1-0

[Event "FRA Team Ch"]
[Site "Bordeaux"]
[Date "2001.03.29"]
[Round "2.8"]
[White "Fayard, Alain"]
[Black "Letreguilly, Olivier"]
[Result "0-1"]
[WhiteElo "2259"]
[BlackElo "2301"]
[Annotator "Auxerre-Montpellier"]
[PlyCount "120"]
[EventDate "2001.??.??"]

1. b3 e5 2. Bb2 d6 3. g3 c6 4. Bg2 Nf6 5. c4 Be7 6. Nf3 O-O 7. O-O Re8 8. d4 e4
9. Ne1 Bf5 10. Nc2 Qd7 11. Nc3 Na6 12. Re1 Nc7 13. d5 c5 14. Ne3 Bg6 15. h3 Bd8
16. Qd2 Nh5 17. Nf1 f5 18. e3 Na6 19. a3 Bf6 20. Nh2 Be5 21. Ne2 Nf6 22. Rab1
Bf7 23. b4 b5 24. Bxe5 Rxe5 25. cxb5 Qxb5 26. Nc3 Qd7 27. f4 exf3 28. Nxf3 Ree8
29. Ng5 cxb4 30. axb4 Rab8 31. Ne2 Nc7 32. Nc3 Bg6 33. Rb2 h6 34. Nf3 Bf7 35.
Nh2 a6 36. Qd4 Nb5 37. Nxb5 Rxb5 38. g4 Bxd5 39. Bf1 Ba8 40. Bxb5 Qxb5 41. Ree2
Qc6 42. Rg2 Qc1+ 43. Nf1 Bxg2 44. Rxg2 fxg4 45. hxg4 Ne4 46. Qd5+ Kh8 47. Qf7
Qc6 48. Rc2 Qxc2 49. Qxe8+ Kh7 50. Qf7 Nf6 51. Qe6 Qe4 52. Qxd6 Qxg4+ 53. Kh1
Qh5+ 54. Kg1 Qg5+ 55. Kh2 Ng4+ 56. Kh3 Nf2+ 57. Kh2 Ng4+ 58. Kh3 Nxe3 59. Ng3
Nf5 60. Nxf5 Qxf5+ 0-1

[Event "FRA Team Ch"]
[Site "Bordeaux"]
[Date "2001.03.29"]
[Round "2.9"]
[White "Flear, Christine"]
[Black "Chevrier, Thomas"]
[Result "0-1"]
[WhiteElo "2184"]
[BlackElo "2158"]
[Annotator "Montpellier-Auxerre"]
[PlyCount "74"]
[EventDate "2001.??.??"]

1. d4 Nf6 2. c4 g6 3. g3 Bg7 4. Bg2 O-O 5. Nc3 d6 6. Nf3 Nbd7 7. O-O e5 8. e4
Re8 9. Re1 exd4 10. Nxd4 Nc5 11. h3 a5 12. b3 c6 13. Ba3 Qb6 14. Nc2 Nfd7 15.
Qd2 h5 16. Rad1 Ne5 17. Qxd6 Ne6 18. c5 Qa6 19. Bf1 Nf3+ 20. Kh1 b5 21. Re3 Qb7
22. Rxf3 Rd8 23. Qxd8+ Nxd8 24. Rxd8+ Kh7 25. Bb2 h4 26. Rfd3 Qe7 27. Bg2 hxg3
28. fxg3 Qxc5 29. Ne3 Qg5 30. e5 Bf5 31. Rxa8 Bxd3 32. Ncd1 Qxg3 33. Re8 Be2
34. e6 Bxb2 35. Nxb2 Kg7 36. Re7 Qxe3 37. Rxf7+ Kg8 0-1

[Event "FRA Team Ch"]
[Site "Bordeaux"]
[Date "2001.03.29"]
[Round "3.1"]
[White "Vaisser, Anatoly"]
[Black "Legky, Nikolay A"]
[Result "1/2-1/2"]
[WhiteElo "2540"]
[BlackElo "2477"]
[Annotator "Auxerre-Drancy"]
[PlyCount "32"]
[EventDate "2001.??.??"]

1. d4 Nf6 2. c4 e6 3. Nc3 Bb4 4. e3 c5 5. Bd3 O-O 6. Nge2 cxd4 7. exd4 d5 8.
cxd5 Nxd5 9. O-O Nc6 10. Be4 Nce7 11. Qd3 Nf6 12. a3 Bxc3 13. Nxc3 Nxe4 14.
Qxe4 Nd5 15. Nxd5 Qxd5 16. Qxd5 exd5 1/2-1/2

[Event "FRA Team Ch"]
[Site "Bordeaux"]
[Date "2001.03.29"]
[Round "3.2"]
[White "Komarov, Dimitri"]
[Black "Solozhenkin, Evgeniy"]
[Result "1/2-1/2"]
[WhiteElo "2540"]
[BlackElo "2506"]
[Annotator "Drancy-Auxerre"]
[PlyCount "43"]
[EventDate "2001.??.??"]

1. c4 e5 2. Nc3 Nf6 3. Nf3 Nc6 4. g3 d5 5. cxd5 Nxd5 6. Bg2 Nb6 7. O-O Be7 8.
d3 O-O 9. a3 Be6 10. b4 Nd4 11. Bb2 Nxf3+ 12. Bxf3 c6 13. Rc1 f6 14. b5 Rc8 15.
bxc6 bxc6 16. a4 Nd5 17. Ne4 c5 18. Ba3 Nb4 19. Nd2 Qd7 20. Nc4 Na2 21. Rc2 Nb4
22. Rc1 1/2-1/2

[Event "FRA Team Ch"]
[Site "Bordeaux"]
[Date "2001.03.29"]
[Round "3.3"]
[White "Cramling, Pia"]
[Black "Salaun, Yann"]
[Result "1/2-1/2"]
[WhiteElo "2492"]
[BlackElo "2391"]
[Annotator "Auxerre-Drancy"]
[PlyCount "69"]
[EventDate "2001.??.??"]

1. d4 e6 2. c4 d5 3. Nf3 c5 4. cxd5 exd5 5. g3 Nc6 6. Bg2 Nf6 7. O-O Be7 8. Nc3
O-O 9. dxc5 d4 10. Na4 Bf5 11. Bd2 Re8 12. b4 d3 13. exd3 Qxd3 14. Nb2 Qd5 15.
Qc1 Be4 16. Qc3 Nxb4 17. Qb3 Bxc5 18. Na4 Qxb3 19. axb3 Bf8 20. Rfc1 Rac8 21.
Rxc8 Rxc8 22. Nc3 Bc6 23. Rxa7 Rd8 24. Be1 Bc5 25. Ra1 Nc2 26. Rc1 Nxe1 27.
Nxe1 Rd2 28. Nd1 Bxg2 29. Kxg2 g6 30. Rxc5 Rxd1 31. Nf3 Rd5 32. Rc8+ Kg7 33.
Rc7 Rb5 34. Nd4 Rb6 35. Kf3 1/2-1/2

[Event "FRA Team Ch"]
[Site "Bordeaux"]
[Date "2001.03.29"]
[Round "3.5"]
[White "Boudre, Jean-Pierre"]
[Black "Doornbos, Yann"]
[Result "0-1"]
[WhiteElo "2355"]
[BlackElo "2359"]
[Annotator "Auxerre-Drancy"]
[PlyCount "92"]
[EventDate "2001.??.??"]

1. e4 e6 2. d4 d5 3. Nd2 c5 4. exd5 exd5 5. Ngf3 Nf6 6. Bb5+ Bd7 7. Qe2+ Be7 8.
dxc5 O-O 9. Nb3 Re8 10. Be3 a5 11. a4 Ng4 12. O-O Na6 13. c6 Bxc6 14. Bd4 Nc7
15. Bd3 Ne6 16. Qd2 Nf6 17. c3 Ne4 18. Qc2 Nf4 19. Ne5 Bd6 20. Bxe4 dxe4 21.
Nxc6 bxc6 22. Be3 Qf6 23. Bxf4 Qxf4 24. g3 Qf6 25. Rad1 Bf8 26. Rfe1 Qg6 27.
Nd4 f5 28. Qb3+ Kh8 29. Qc4 Rac8 30. Ne2 Qg4 31. Nf4 e3 32. Kg2 exf2 33. Kxf2
Rxe1 34. Rxe1 Rb8 35. Re2 c5 36. Qd5 Qg5 37. Qc6 Qd8 38. Ne6 Qf6 39. Qd7 f4 40.
Nxf4 g5 41. Re6 Rxb2+ 42. Kf3 Qxc3+ 43. Qd3 Rb3 44. Re3 Qxd3 45. Nxd3 c4 46.
Ne1 Bc5 0-1

[Event "FRA Team Ch"]
[Site "Bordeaux"]
[Date "2001.03.29"]
[Round "3.6"]
[White "Giffard, Nicolas"]
[Black "Bellon Lopez, Juan Manuel"]
[Result "1/2-1/2"]
[WhiteElo "2393"]
[BlackElo "2430"]
[Annotator "Drancy-Auxerre"]
[PlyCount "61"]
[EventDate "2001.??.??"]

1. Nf3 c5 2. c4 Nc6 3. g3 e5 4. Nc3 g6 5. Bg2 Bg7 6. O-O d6 7. d3 Nge7 8. Nd5
O-O 9. a3 Rb8 10. Rb1 b5 11. cxb5 Rxb5 12. Bg5 f6 13. Nxe7+ Nxe7 14. Bd2 a5 15.
b4 axb4 16. axb4 cxb4 17. Rxb4 Rxb4 18. Bxb4 Be6 19. Qc1 Nd5 20. Ba3 Qb6 21.
Nd2 Bh6 22. Bxd5 Bxd5 23. Nc4 Bxc1 24. Nxb6 Bxa3 25. Nxd5 f5 26. Rb1 Bc5 27.
Rb7 Rf7 28. Rxf7 Kxf7 29. e4 Ke6 30. Kg2 h5 31. f3 1/2-1/2

[Event "FRA Team Ch"]
[Site "Bordeaux"]
[Date "2001.03.29"]
[Round "3.7"]
[White "Chevrier, Thomas"]
[Black "Buchy, Daniel"]
[Result "1-0"]
[WhiteElo "2158"]
[BlackElo "2185"]
[Annotator "Auxerre-Drancy"]
[PlyCount "63"]
[EventDate "2001.??.??"]

1. e4 c5 2. Nf3 Nc6 3. d4 cxd4 4. Nxd4 g6 5. c4 Bg7 6. Be3 Nf6 7. Nc3 Ng4 8.
Qxg4 Nxd4 9. Qd1 e5 10. Bd3 O-O 11. O-O d6 12. Rc1 Be6 13. b3 a6 14. Bb1 Rc8
15. Ne2 Qf6 16. f3 b5 17. cxb5 Rxc1 18. Nxc1 axb5 19. Qd2 Qe7 20. Bd3 Rb8 21.
Ne2 d5 22. Nxd4 exd4 23. Bf4 Rb7 24. Rc1 dxe4 25. Bxe4 Ra7 26. Bd3 Qa3 27. Rc2
Rb7 28. Qe2 b4 29. Rc8+ Bxc8 30. Qe8+ Bf8 31. Bh6 Qc1+ 32. Bxc1 1-0

[Event "FRA Team Ch"]
[Site "Bordeaux"]
[Date "2001.03.29"]
[Round "3.8"]
[White "Zangrilli, David"]
[Black "Fayard, Alain"]
[Result "1-0"]
[WhiteElo "2191"]
[BlackElo "2259"]
[Annotator "Drancy-Auxerre"]
[PlyCount "173"]
[EventDate "2001.??.??"]

1. e4 c5 2. Nf3 d6 3. Bb5+ Nd7 4. c3 Ngf6 5. Qe2 a6 6. Ba4 b5 7. Bc2 e5 8. d4
Be7 9. O-O O-O 10. d5 Nh5 11. h3 g6 12. Bh6 Ng7 13. a4 Rb8 14. axb5 axb5 15.
Nbd2 f5 16. Ra7 c4 17. exf5 gxf5 18. Re1 Rb7 19. Rxb7 Bxb7 20. Nd4 Bxd5 21.
Bxg7 Kxg7 22. Nxf5+ Kh8 23. f4 Rg8 24. Nf3 Bf6 25. Nh6 Rg3 26. Be4 Qa8 27. Nf7+
Kg8 28. Nxd6 exf4 29. Nf5 Rg6 30. Bxd5+ Qxd5 31. Qe6+ Qxe6 32. Rxe6 Bxc3 33.
Re8+ Kf7 34. Re7+ Kf6 35. bxc3 Nb6 36. N3d4 Nd5 37. Re6+ Kg5 38. Re5 Nxc3 39.
Nd6+ Kh6 40. N4f5+ Kg5 41. Nd4+ Kh6 42. N6xb5 Nxb5 43. Rxb5 Ra6 44. Rc5 Ra4 45.
Nf5+ Kg5 46. Nd6+ Kf6 47. Rxc4 Ra1+ 48. Kf2 Ke5 49. Nf7+ Kf5 50. Nh6+ Kg5 51.
Ng4 Ra2+ 52. Kf3 Ra3+ 53. Kf2 Ra2+ 54. Kg1 f3 55. Ne3 fxg2 56. Nxg2 Rb2 57.
Rc5+ Kg6 58. Kh2 Rb3 59. Nh4+ Kf6 60. Kg2 Ra3 61. Nf3 Kg6 62. Kg3 Kh6 63. Rd5
Kg6 64. Kg4 Ra4+ 65. Rd4 Ra5 66. Rd6+ Kg7 67. h4 Ra4+ 68. Rd4 Ra5 69. Ng5 Ra7
70. Rc4 Rb7 71. Rc7+ Rxc7 72. Ne6+ Kg6 73. Nxc7 Kg7 74. Kg5 Kf7 75. Nd5 Kg7 76.
Nf6 Kh8 77. Nh5 Kg8 78. Kf6 Kf8 79. Ng3 Kg8 80. Ne4 Kf8 81. Ng5 Kg8 82. Nf7 h5
83. Kg6 Kf8 84. Nh6 Ke8 85. Kxh5 Ke7 86. Kg5 Ke8 87. Kf6 1-0

[Event "FRA Team Ch"]
[Site "Bordeaux"]
[Date "2001.03.29"]
[Round "3.9"]
[White "Nicoara, Malina"]
[Black "Dewitte, Catherine"]
[Result "1-0"]
[WhiteElo "2258"]
[BlackElo "2016"]
[Annotator "Auxerre-Drancy"]
[PlyCount "99"]
[EventDate "2001.??.??"]

1. d4 e6 2. c4 b6 3. a3 Bb7 4. Nc3 d6 5. e4 Nd7 6. Nf3 Ngf6 7. Bd3 e5 8. d5 Nc5
9. Bc2 a5 10. b3 Be7 11. O-O O-O 12. h3 Bc8 13. Be3 Ne8 14. Rb1 f5 15. exf5
Bxf5 16. Bxf5 Rxf5 17. b4 axb4 18. axb4 Nd7 19. Ne4 Nf8 20. Ng3 Rf7 21. c5 bxc5
22. bxc5 Ra5 23. Qd2 Qa8 24. Rfd1 Ng6 25. Ne4 Ra2 26. Rb2 Rxb2 27. Qxb2 h6 28.
c6 Qc8 29. Ng3 Nh4 30. Nd2 Bg5 31. Bxg5 hxg5 32. Nde4 Qd8 33. Qd2 Rf4 34. f3
Rxf3 35. Rf1 Rf4 36. Qd1 Qa8 37. Qh5 Qa7+ 38. Kh2 Nf6 39. Nxf6+ gxf6 40. Qe8+
Kh7 41. Nh5 Nf5 42. Qf7+ Kh6 43. Nxf4 gxf4 44. Qxf6+ Kh7 45. Qxf5+ Kh6 46. h4
Qa2 47. Qf6+ Kh7 48. Qf7+ Kh6 49. h5 Kg5 50. Qg6+ 1-0

[Event "FRA Team Ch"]
[Site "Bordeaux"]
[Date "2001.03.29"]
[Round "3.1"]
[White "Spraggett, Kevin"]
[Black "Fressinet, Laurent"]
[Result "0-1"]
[WhiteElo "2526"]
[BlackElo "2581"]
[Annotator "Bordeaux-Echecs-Montpellier"]
[PlyCount "70"]
[EventDate "2001.??.??"]

1. e4 c5 2. Nf3 d6 3. d4 cxd4 4. Nxd4 Nf6 5. Nc3 a6 6. Be2 e5 7. Nb3 Be7 8. O-O
O-O 9. Re1 Be6 10. Bf1 Nbd7 11. Nd5 Nxd5 12. exd5 Bf5 13. a4 Rc8 14. c3 Bg5 15.
Bxg5 Qxg5 16. a5 Bg6 17. Ra4 f5 18. Rb4 Rc7 19. f4 exf4 20. Qd2 Bf7 21. Rxf4
Ne5 22. g3 Re7 23. Bg2 Rfe8 24. Ref1 Ng4 25. Bf3 Ne3 26. Rc1 Re5 27. c4 Qh6 28.
Rd4 g5 29. c5 Bh5 30. Bh1 Nd1 31. Bg2 Re1+ 32. Bf1 Bf3 33. h4 R8e2 34. Rxd1
Rxd2 35. R1xd2 gxh4 0-1

[Event "FRA Team Ch"]
[Site "Bordeaux"]
[Date "2001.03.29"]
[Round "3.4"]
[White "Prie, Eric"]
[Black "Crut, Aurelien"]
[Result "1/2-1/2"]
[WhiteElo "2490"]
[BlackElo "2303"]
[Annotator "Montpellier-Bordeaux-Echecs"]
[PlyCount "83"]
[EventDate "2001.??.??"]

1. d4 d5 2. Nf3 Nf6 3. c4 c6 4. e3 e6 5. Bd3 Nbd7 6. O-O Bd6 7. Nc3 O-O 8. e4
dxc4 9. Bxc4 e5 10. Bb3 Qc7 11. Bg5 exd4 12. Qxd4 Ng4 13. h3 Nh2 14. Nxh2 Bxh2+
15. Kh1 Be5 16. Qe3 h6 17. Bh4 Bf4 18. Qf3 Nc5 19. Bc2 Ne6 20. Ne2 Be5 21. Rab1
b6 22. Qe3 Ba6 23. Bd3 Bxd3 24. Qxd3 Nf4 25. Nxf4 Bxf4 26. Rbd1 Rfe8 27. b3 g5
28. Bg3 Bxg3 29. fxg3 Rad8 30. Qc3 Rxd1 31. Rxd1 Re6 32. Rd4 c5 33. Rd5 Qe7 34.
e5 Kg7 35. Qe3 Qe8 36. h4 Qe7 37. Qe4 Rg6 38. Rd3 gxh4 39. gxh4 Qe6 40. Rd6 Qg4
41. Rxg6+ Qxg6 42. Qf4 1/2-1/2

[Event "FRA Team Ch"]
[Site "Bordeaux"]
[Date "2001.03.29"]
[Round "3.5"]
[White "Seret, Jean-Luc"]
[Black "Santo-Roman, Marc"]
[Result "0-1"]
[WhiteElo "2358"]
[BlackElo "2416"]
[Annotator "Bordeaux-Echecs-Montpellier"]
[PlyCount "56"]
[EventDate "2001.??.??"]

1. e4 c5 2. Nf3 e6 3. d3 d5 4. Nbd2 Nc6 5. g3 Bd6 6. Bg2 Nge7 7. O-O O-O 8. c3
Qb6 9. Re1 f6 10. exd5 exd5 11. Nf1 Bg4 12. Ne3 Bh5 13. Qa4 Rfe8 14. Nh4 Bf7
15. f4 Rad8 16. Qc2 Qa6 17. Bd2 d4 18. Nef5 dxc3 19. bxc3 Nxf5 20. Nxf5 Rxe1+
21. Rxe1 Bf8 22. c4 Qa3 23. Re3 Nb4 24. Bxb4 cxb4 25. Bxb7 b3 26. Qxb3 Qc1+ 27.
Kf2 Bc5 28. d4 28... Bxc4 {Temps} 0-1

[Event "FRA Team Ch"]
[Site "Bordeaux"]
[Date "2001.03.29"]
[Round "3.6"]
[White "Flear, Glenn C"]
[Black "Beudaert, Xavier"]
[Result "1-0"]
[WhiteElo "2476"]
[BlackElo "2235"]
[Annotator "Montpellier-Bordeaux-Echecs"]
[PlyCount "157"]
[EventDate "2001.??.??"]

1. d4 Nf6 2. c4 e6 3. Nf3 b6 4. e3 Bb7 5. Bd3 Be7 6. O-O O-O 7. Nc3 d5 8. b3
Nbd7 9. Bb2 c5 10. Rc1 Ne4 11. cxd5 exd5 12. Ne2 Rc8 13. Ng3 cxd4 14. Bxd4 Ndc5
15. Be2 Bf6 16. Nh5 Bxd4 17. Qxd4 Ne6 18. Qa1 Qe7 19. Nd4 Nxd4 20. Qxd4 f6 21.
Bg4 Rc5 22. b4 Rc7 23. Nf4 Rxc1 24. Rxc1 Rd8 25. Be6+ Kh8 26. h4 Nd6 27. h5 Nf7
28. Bxd5 Bxd5 29. Nxd5 Qe6 30. e4 Ng5 31. f3 Qd6 32. Qf2 f5 33. Rd1 fxe4 34.
Nc3 Qe7 35. Rxd8+ Qxd8 36. fxe4 h6 37. Qe3 Qe8 38. e5 Qe7 39. Nd5 Qe8 40. Nf4
Ne6 41. Ng6+ Kg8 42. Qf3 Qd8 43. Kh2 Qg5 44. Qa8+ Nd8 45. Qf3 Kh7 46. a3 Ne6
47. Qe2 Qf5 48. Qf3 Qg5 49. b5 Nd4 50. Qe4 Nf5 51. g4 Qd2+ 52. Qg2 Qxg2+ 53.
Kxg2 Nd4 54. a4 Kg8 55. Ne7+ Kf7 56. Nc6 Nb3 57. Kf3 Nc5 58. Nxa7 Nxa4 59. Nc6
Ke6 60. Kf4 Nc3 61. Nd4+ Kd5 62. Nf5 Nxb5 63. Nxg7 Nd4 64. Ne8 Ne6+ 65. Kf5
Nd4+ 66. Kf6 Ne6 67. Nd6 Ng5 68. Nf7 Ne4+ 69. Ke7 b5 70. g5 Nxg5 71. Nxg5 Kxe5
72. Kf7 b4 73. Kg6 b3 74. Nf3+ Kf4 75. Nd2 b2 76. Kxh6 Ke5 77. Nc4+ Kf6 78.
Nxb2 Kf7 79. Nd3 1-0

[Event "FRA Team Ch"]
[Site "Bordeaux"]
[Date "2001.03.29"]
[Round "3.8"]
[White "Letreguilly, Olivier"]
[Black "Garrido, Denis"]
[Result "0-1"]
[WhiteElo "2301"]
[BlackElo "2247"]
[Annotator "Montpellier-Bordeaux-Echecs"]
[PlyCount "102"]
[EventDate "2001.??.??"]

1. d4 Nf6 2. c4 c5 3. d5 d6 4. Nc3 g6 5. e4 Bg7 6. f3 O-O 7. Bg5 e6 8. Nge2 h6
9. Be3 exd5 10. cxd5 Re8 11. Qd2 h5 12. Nc1 Nbd7 13. Be2 a6 14. a4 b6 15. O-O
Qe7 16. Nd3 Nh7 17. Nf4 Ne5 18. Kh1 Rb8 19. Rab1 Nf6 20. b4 c4 21. Rfc1 b5 22.
axb5 axb5 23. Ra1 Rb7 24. Ra5 Bd7 25. Rca1 Reb8 26. Bf1 h4 27. Be2 g5 28. Nh3
g4 29. Ng5 h3 30. Rg1 hxg2+ 31. Rxg2 gxf3 32. Nxf3 Ng6 33. e5 dxe5 34. Bc5 Qd8
35. Ng5 Bf5 36. Bf3 Nh4 37. Rg3 Nxf3 38. Rxf3 Bg6 39. Ra1 e4 40. Rg3 Nxd5 41.
Nxd5 Bxa1 42. Nxe4 Rd7 43. Ndf6+ Bxf6 44. Qxd7 Bg7 45. Rxg6 fxg6 46. Qe6+ Kh7
47. Be7 Qd1+ 48. Kg2 Qe2+ 49. Kg3 Kh8 50. Qxg6 Be5+ 51. Kh3 Qxh2+ 0-1

[Event "FRA Team Ch"]
[Site "Bordeaux"]
[Date "2001.03.29"]
[Round "3.9"]
[White "Feuvrier, Stephanie"]
[Black "Milliet, Sophie"]
[Result "0-1"]
[WhiteElo "2048"]
[BlackElo "2157"]
[Annotator "Bordeaux-Echecs-Montpellier"]
[PlyCount "74"]
[EventDate "2001.??.??"]

1. e4 c5 2. Nf3 Nc6 3. c3 d5 4. exd5 Qxd5 5. d4 cxd4 6. cxd4 Bg4 7. Be2 e6 8.
Nc3 Qa5 9. O-O Nf6 10. Be3 Bd6 11. h3 Bh5 12. a3 O-O 13. b4 Qd8 14. Qb3 Rc8 15.
Rad1 Ne7 16. Bg5 Nfd5 17. Ne4 Bf4 18. Rfe1 Bg6 19. Bc4 Qc7 20. Bxf4 Nxf4 21.
Rc1 Bxe4 22. Qe3 Bxf3 23. Qxf3 Neg6 24. Qe3 Qc6 25. Bf1 Qd6 26. g3 Nd5 27. Qd2
Rfd8 28. h4 Nf6 29. Red1 Ne7 30. Bg2 b6 31. Bf3 Rxc1 32. Qxc1 Rc8 33. Qd2 Ned5
34. h5 Rc3 35. Bg2 h6 36. Qe2 Qc7 37. Qe5 Rc1 0-1

[Event "FRA Team Ch"]
[Site "Noyon"]
[Date "2001.02.04"]
[Round "3.2"]
[White "Winants, Luc"]
[Black "Gurevich, Mikhail"]
[Result "1/2-1/2"]
[WhiteElo "2694"]
[BlackElo "2515"]
[Annotator "Cappelle-Gonfreville"]
[PlyCount "85"]
[EventDate "2001.02.??"]

1. d4 e6 2. e4 d5 3. Nc3 Nf6 4. exd5 exd5 5. Bg5 Be7 6. Bd3 Nc6 7. Nge2 h6 8.
Bf4 Be6 9. Qd2 Qd7 10. f3 Nb4 11. Bb5 c6 12. Ba4 Qd8 13. a3 Na6 14. Nd1 Bf5 15.
O-O Nc7 16. c3 Ne6 17. Bg3 Nh5 18. Bf2 Bh7 19. g4 Nf6 20. Bg3 Qa5 21. Bc2 Bxc2
22. Qxc2 h5 23. h3 hxg4 24. hxg4 Qd8 25. Nf2 Bd6 26. Nd3 Bxg3 27. Nxg3 Qc7 28.
Kg2 O-O-O 29. Rh1 Nd7 30. Qd2 g6 31. Ne2 Qd6 32. Nef4 Ng5 33. Rae1 f5 34. gxf5
gxf5 35. Qe3 Rdg8 36. Rxh8 Rxh8 37. Rh1 Rxh1 38. Kxh1 Qf8 39. Kg1 Qg8 40. Kf2
Qh8 41. Kg2 Qg8 42. Kf2 Qh8 43. Kg2 1/2-1/2

[Event "FRA Team Ch"]
[Site "Noyon"]
[Date "2001.02.04"]
[Round "3.6"]
[White "Catteau, Bruno"]
[Black "Vallin, Guillaume"]
[Result "0-1"]
[WhiteElo "2193"]
[BlackElo "2396"]
[Annotator "Cappelle-Gonfreville"]
[PlyCount "106"]
[EventDate "2001.02.??"]

1. d4 Nf6 2. Nf3 e6 3. e3 c5 4. Bd3 Nc6 5. O-O d5 6. b3 b6 7. Bb2 Bd6 8. Ne5
Bb7 9. Nd2 O-O 10. a3 Ne7 11. f4 Ne4 12. c3 f6 13. Ng4 Qc7 14. Rc1 Nxd2 15.
Qxd2 c4 16. bxc4 dxc4 17. Bb1 Nd5 18. Rce1 f5 19. Ne5 Nf6 20. a4 a6 21. Qc1 Bd5
22. Ba3 Rfb8 23. Bxd6 Qxd6 24. h3 b5 25. axb5 axb5 26. Rf2 Ra3 27. Rb2 Qa6 28.
Kh2 Qa5 29. Rb4 Ra4 30. Rb2 Ra8 31. Qd2 Ne4 32. Bxe4 Bxe4 33. Nd7 Ra3 34. Rc1
Ra2 35. Rf1 Rxb2 36. Qxb2 Qa2 37. Rf2 Qxb2 38. Rxb2 Bc6 39. Ne5 Be8 40. g4 g6
41. g5 Ra3 42. Rc2 Kf8 43. Kg2 Ke7 44. Kf3 Kd6 45. Ke2 Kd5 46. Kf3 b4 47. cxb4
Bb5 48. h4 c3 49. Rc1 Ba4 50. Nd3 Kc4 51. Nc5 Bc6+ 52. Ke2 Ra2+ 53. Ke1 Rh2 0-1

[Event "FRA Team Ch"]
[Site "Noyon"]
[Date "2001.02.04"]
[Round "3.7"]
[White "Eliet, Nicolas"]
[Black "Hareux, Hubert"]
[Result "1-0"]
[WhiteElo "2398"]
[BlackElo "2211"]
[Annotator "Gonfreville-Cappelle"]
[PlyCount "91"]
[EventDate "2001.02.??"]

1. d4 e6 2. c4 Nf6 3. Nc3 Bb4 4. Qb3 c5 5. dxc5 Nc6 6. Nf3 Bxc5 7. Bg5 Be7 8.
e4 Qa5 9. Bd2 Qc7 10. Be2 O-O 11. Rc1 d6 12. O-O b6 13. Bf4 Ne5 14. Nd4 Bb7 15.
Ndb5 Qb8 16. f3 Nfd7 17. Qd1 a6 18. Nd4 Rd8 19. Qe1 Qc7 20. b3 Rac8 21. Qf2 Nc5
22. Rfd1 Rb8 23. b4 Ncd7 24. Nd5 exd5 25. cxd5 Nc5 26. bxc5 bxc5 27. Nf5 Bf8
28. Qg3 Bc8 29. Bxe5 Bxf5 30. Bc3 Bc8 31. e5 Re8 32. f4 g6 33. Bc4 Bg7 34. Re1
Bb7 35. exd6 Qd7 36. Be5 f6 37. Bc3 Qxd6 38. Re6 Rxe6 39. dxe6 Be4 40. f5 Qxg3
41. e7+ Kh8 42. hxg3 Bh6 43. Re1 Bc6 44. Bxf6+ Bg7 45. Bxg7+ Kxg7 46. f6+ 1-0

[Event "FRA Team Ch"]
[Site "Noyon"]
[Date "2001.02.04"]
[Round "3.8"]
[White "Couche, Didier"]
[Black "Lefebvre, Herve"]
[Result "1/2-1/2"]
[WhiteElo "2090"]
[BlackElo "2173"]
[Annotator "Cappelle-Gonfreville"]
[PlyCount "92"]
[EventDate "2001.02.??"]

1. d4 d5 2. c4 c6 3. Nf3 dxc4 4. e3 Be6 5. Nbd2 Qa5 6. a4 Nf6 7. Be2 Bd5 8. O-O
e6 9. Ne5 c5 10. Ndxc4 Qc7 11. Bd2 Nc6 12. Rc1 Be7 13. Nxc6 bxc6 14. dxc5 Bxc5
15. b4 Bd6 16. Nxd6+ Qxd6 17. Bc3 Ne4 18. Qd4 f6 19. Rfd1 Qe7 20. b5 O-O 21.
Bb4 c5 22. Bxc5 Nxc5 23. Rxc5 Rfd8 24. Qc3 Qf7 25. Rc1 Qg6 26. f3 f5 27. Kh1 h5
28. Rc7 h4 29. h3 Qg3 30. e4 fxe4 31. fxe4 Qxc3 32. R1xc3 Bxe4 33. Bf3 Bxf3 34.
Rxf3 Rac8 35. Rxc8 Rxc8 36. Rf4 g5 37. Rb4 Kf7 38. a5 Ke7 39. b6 axb6 40. axb6
Kd6 41. b7 Rb8 42. Kg1 Kc7 43. Re4 Rxb7 44. Rxe6 Rb3 45. Re5 Rg3 46. Rd5 g4
1/2-1/2

[Event "FRA Team Ch"]
[Site "Noyon"]
[Date "2001.02.04"]
[Round "3.9"]
[White "Gervais, Claire"]
[Black "Bulte, Isabelle"]
[Result "1-0"]
[WhiteElo "2170"]
[BlackElo "1730"]
[Annotator "Gonfreville-Cappelle"]
[PlyCount "47"]
[EventDate "2001.02.??"]

1. d4 Nf6 2. c4 c5 3. d5 d6 4. Nc3 e6 5. e4 exd5 6. cxd5 a6 7. a4 Be7 8. Nge2
Nbd7 9. Ng3 Ne5 10. Be2 O-O 11. O-O b6 12. Ra3 Qc7 13. f4 Ng6 14. Nf5 Nxe4 15.
Nxe4 Bxf5 16. Ng3 Qc8 17. Nh5 Be4 18. g4 f5 19. g5 Rf7 20. Ng3 Qd7 21. Nxe4
fxe4 22. Bg4 Rf5 23. Qe2 Raf8 24. Qxe4 1-0

[Event "FRA Team Ch"]
[Site "Noyon"]
[Date "2001.02.04"]
[Round "3.1"]
[White "Lautier, Joel"]
[Black "Gofshtein, Leonid"]
[Result "1/2-1/2"]
[WhiteElo "2652"]
[BlackElo "2531"]
[Annotator "Clichy-Noyon"]
[PlyCount "33"]
[EventDate "2001.02.??"]

1. d4 e6 2. c4 Bb4+ 3. Bd2 a5 4. Nf3 d6 5. g3 Nc6 6. Bg2 e5 7. d5 Bxd2+ 8.
Nfxd2 Nb8 9. Nc3 Nd7 10. a3 h5 11. h4 f5 12. e4 Ndf6 13. exf5 Nh6 14. Nde4 Nxf5
15. O-O Nd4 16. c5 dxc5 17. Nxc5 1/2-1/2

[Event "FRA Team Ch"]
[Site "Noyon"]
[Date "2001.02.04"]
[Round "3.2"]
[White "Marcelin, Cyril"]
[Black "Conquest, Stuart"]
[Result "0-1"]
[WhiteElo "2424"]
[BlackElo "2546"]
[Annotator "Noyon-Clichy"]
[PlyCount "74"]
[EventDate "2001.02.??"]

1. d4 d5 2. c4 Nc6 3. cxd5 Qxd5 4. e3 e5 5. Nc3 Bb4 6. Bd2 Bxc3 7. Bxc3 exd4 8.
Ne2 Nf6 9. Nxd4 O-O 10. Nb5 Qg5 11. h4 Qh6 12. Nxc7 Bg4 13. Qb3 Rad8 14. Qxb7
Ne4 15. Bb5 Bd7 16. Nd5 Nd6 17. Qa6 Nb8 18. Nf6+ gxf6 19. Qxd6 Bxb5 20. Qxf6
Qxf6 21. Bxf6 Rd7 22. Rh3 Rc8 23. Rg3+ Kf8 24. Bc3 Rc4 25. Rg5 Bc6 26. g3 Bf3
27. Rf5 Bg4 28. Rf6 Rd3 29. Rc1 Nd7 30. Ra6 Ne5 31. Kf1 Rd7 32. f4 Bh3+ 33. Ke2
Bg4+ 34. Kf1 Nf3 35. a3 Rxc3 36. bxc3 Rd2 37. Rxa7 Bh3# 0-1

[Event "FRA Team Ch"]
[Site "Noyon"]
[Date "2001.02.04"]
[Round "3.4"]
[White "Glavina, Pablo"]
[Black "Apicella, Manuel"]
[Result "0-1"]
[WhiteElo "2414"]
[BlackElo "2518"]
[Annotator "Noyon-Clichy"]
[PlyCount "118"]
[EventDate "2001.02.??"]

1. Nf3 Nf6 2. g3 g6 3. b3 Bg7 4. Bb2 O-O 5. Bg2 d6 6. d4 Nbd7 7. O-O e5 8. dxe5
Ng4 9. c4 Re8 10. Qd2 dxe5 11. h3 Nh6 12. Rd1 f6 13. Nc3 Nf7 14. Ne4 c6 15. g4
Qe7 16. a4 Nc5 17. Nxc5 Qxc5 18. a5 Qe7 19. Qc3 Be6 20. Nd2 Qc7 21. Ne4 Rad8
22. Rxd8 Rxd8 23. Qg3 Kh8 24. Qh4 h6 25. f4 exf4 26. Bxf6 g5 27. Bxg7+ Kxg7 28.
Qe1 Qe5 29. Rd1 Rd4 30. Rxd4 Qxd4+ 31. Kh2 Nd6 32. Qc3 Qxc3 33. Nxc3 Kf6 34. a6
bxa6 35. Bxc6 Ke5 36. Kg2 Kd4 37. Na4 Nc8 38. Kf3 Ne7 39. Be4 Bd7 40. Nb2 a5
41. Nd1 Nc6 42. Bf5 Ne5+ 43. Kf2 a4 44. bxa4 Bxa4 45. e3+ fxe3+ 46. Nxe3 Nxc4
47. Nf1 a5 48. Ng3 Bb3 49. Bd7 Nd6 50. Ne2+ Kc5 51. Ke1 a4 52. Kd2 a3 53. Kc3
a2 54. Kb2 Nc4+ 55. Ka1 Ne3 56. Bf5 Nxf5 57. gxf5 Kd5 58. Kb2 Ke5 59. Ng3 Bf7
0-1